<?xml version="1.0" encoding="UTF-8"?>
<record
    xmlns:xsi="http://www.w3.org/2001/XMLSchema-instance"
    xsi:schemaLocation="http://www.loc.gov/MARC21/slim http://www.loc.gov/standards/marcxml/schema/MARC21slim.xsd"
    xmlns="http://www.loc.gov/MARC21/slim">

  <leader>00690nam a2200205Ia 4500</leader>
  <controlfield tag="001">7296</controlfield>
  <controlfield tag="003">GE_BSU</controlfield>
  <controlfield tag="008">181216s||||||||xx |||||||||||||| ||und||</controlfield>
  <datafield tag="040" ind1=" " ind2=" ">
    <subfield code="c">GE_BSU</subfield>
  </datafield>
  <datafield tag="080" ind1=" " ind2=" ">
    <subfield code="a">621.643+622</subfield>
  </datafield>
  <datafield tag="100" ind1=" " ind2=" ">
    <subfield code="a">&#x413;&#x430;&#x43B;&#x435;&#x435;&#x432;,&#x412;.&#x411;. &#x41A;&#x430;&#x440;&#x43F;&#x430;&#x447;&#x435;&#x432;,&#x41C;.&#x417;. &#x425;&#x430;&#x440;&#x43B;&#x430;&#x43C;&#x435;&#x43D;&#x43A;&#x43E;,&#x412;.&#x418;.</subfield>
  </datafield>
  <datafield tag="245" ind1=" " ind2=" ">
    <subfield code="a">&#x41C;&#x430;&#x433;&#x438;&#x441;&#x442;&#x440;&#x430;&#x43B;&#x44C;&#x43D;&#x44B;&#x435; &#x43D;&#x435;&#x444;&#x442;&#x435;- &#x43F;&#x440;&#x43E;&#x434;&#x443;&#x43A;&#x442;&#x43E;&#x43F;&#x440;&#x43E;&#x432;&#x43E;&#x434;&#x44B;.</subfield>
  </datafield>
  <datafield tag="245" ind1=" " ind2=" ">
    <subfield code="c">&#x41F;&#x43E;&#x434; &#x43E;&#x431;&#x449;&#x435;&#x439; &#x440;&#x435;&#x434;. &#x412;.&#x418;.&#x425;&#x430;&#x440;&#x43B;&#x430;&#x43C;&#x435;&#x43D;&#x43A;&#x43E;.</subfield>
  </datafield>
  <datafield tag="260" ind1=" " ind2=" ">
    <subfield code="a">&#x41C;.</subfield>
  </datafield>
  <datafield tag="260" ind1=" " ind2=" ">
    <subfield code="b">&#x41D;&#x435;&#x434;&#x440;&#x430;.</subfield>
  </datafield>
  <datafield tag="260" ind1=" " ind2=" ">
    <subfield code="c">1976.</subfield>
  </datafield>
  <datafield tag="300" ind1=" " ind2=" ">
    <subfield code="a">357&#x441;&#x442;&#x440;.22&#x441;&#x43C;.&#x441; &#x438;&#x43B;&#x43B;. &#x431;&#x438;&#x431;&#x43B;&#x438;&#x43E;&#x433;&#x440;.:&#x441;&#x442;&#x440;.355.</subfield>
  </datafield>
  <datafield tag="653" ind1=" " ind2=" ">
    <subfield code="a">&#x41C;&#x430;&#x433;&#x438;&#x441;&#x442;&#x440;&#x430;&#x43B;&#x44C;&#x43D;&#x44B;&#x435; &#x43D;&#x435;&#x444;&#x442;&#x435;- &#x43F;&#x440;&#x43E;&#x434;&#x443;&#x43A;&#x442;&#x43E;&#x43F;&#x440;&#x43E;&#x432;&#x43E;&#x434;&#x44B;.</subfield>
  </datafield>
  <datafield tag="942" ind1=" " ind2=" ">
    <subfield code="c">BK</subfield>
  </datafield>
  <datafield tag="999" ind1=" " ind2=" ">
    <subfield code="c">40668</subfield>
    <subfield code="d">40668</subfield>
  </datafield>
  <datafield tag="952" ind1=" " ind2=" ">
    <subfield code="0">0</subfield>
    <subfield code="1">0</subfield>
    <subfield code="4">0</subfield>
    <subfield code="7">0</subfield>
    <subfield code="9">45879</subfield>
    <subfield code="d">2018-12-17</subfield>
    <subfield code="p">10163</subfield>
    <subfield code="r">2018-12-17</subfield>
    <subfield code="w">2018-12-17</subfield>
    <subfield code="y">BK</subfield>
  </datafield>
</record>
